000 00178nam a22000857a 4500
999 _c263047
_d263046
100 _aEva Moore
245 _aJohnny Appleseed
260 _aNew York
_bScholastic
_c1964
942 _cBK